000 00285nam a22001217a 4500
020 _a9788177543797
082 _a664.94
_bPAN/PO
100 _aPanda, S.C
245 _aPost harvest technology and farm mechanization
260 _aJodhpur
_bAgrobios
_c2008
300 _a317
942 _cBK
999 _c13724
_d13724